Countries in which Radiohead Played Concerts - Statistics

General Stats
  • This quiz has been taken 828 times
  • The average score is 26 of 36
Answer Stats
Shows Country % Correct
357 United States
100%
327 United Kingdom
99%
65 France
95%
38 Germany
94%
26 Spain
91%
58 Canada
89%
13 Mexico
89%
45 Japan
88%
4 Brazil
87%
34 Italy
87%
20 Australia
84%
13 Sweden
83%
5 Norway
80%
12 Portugal
80%
1 China (Hong Kong)
79%
2 Argentina
78%
3 Poland
77%
2 Finland
74%
16 Ireland
74%
13 Denmark
72%
30 Netherlands
72%
17 Belgium
71%
4 New Zealand
69%
1 Austria
64%
3 Chile
64%
10 Switzerland
64%
3 Greece
63%
1 South Korea
63%
1 Colombia
58%
1 Peru
55%
1 Czechia
52%
1 Iceland
51%
9 Israel
51%
1 Hungary
45%
2 Thailand
37%
1 Taiwan
31%
No matching quizzes found
Score Distribution
Percent of People with Each Score
Percentile by Number Answered
Your Score History
You have not taken this quiz